Jin jin you wei tan / (Record no. 12745)
[ view plain ]
| 000 -LEADER | |
|---|---|
| fixed length control field | 00753cam a2200241 a 4500 |
| 001 - CONTROL NUMBER | |
| control field | c 61002114 |
| 003 - CONTROL NUMBER IDENTIFIER | |
| control field | DLC |
| 005 - DATE AND TIME OF LATEST TRANSACTION | |
| control field | 20260227111033.0 |
| 008 - FIXED-LENGTH DATA ELEMENTS--GENERAL INFORMATION | |
| fixed length control field | 031106m19579999cc 000 0 chi |
| 010 ## - LIBRARY OF CONGRESS CONTROL NUMBER | |
| LC control number | c 61002114 |
| 035 ## - SYSTEM CONTROL NUMBER | |
| System control number | (CStRLIN)DCLP03-B16734 |
| 040 ## - CATALOGING SOURCE | |
| Original cataloging agency | DLC |
| Transcribing agency | DLC-R |
| Modifying agency | DLC-R |
| -- | DLC |
| 050 00 - LIBRARY OF CONGRESS CALL NUMBER | |
| Classification number | TX541 |
| Item number | .C45 |
| 066 ## - CHARACTER SETS PRESENT | |
| Alternate G0 or G1 character set | $1 |
| 100 1# - MAIN ENTRY--PERSONAL NAME | |
| Linkage | 880-01 |
| Personal name | Chen, Cunren. |
| 245 10 - TITLE STATEMENT | |
| Linkage | 880-02 |
| Title | Jin jin you wei tan / |
| Statement of responsibility, etc. | zhu Chen Cunren. |
| 260 ## - PUBLICATION, DISTRIBUTION, ETC. | |
| Linkage | 880-03 |
| Place of publication, distribution, etc. | Xianggang : |
| Name of publisher, distributor, etc. | Wen feng yin shua gong si yin, |
| Date of publication, distribution, etc. | [1957?- |
| 300 ## - PHYSICAL DESCRIPTION | |
| Extent | <v. 1-7; in 1> ; |
| Dimensions | 19 cm. |
| 650 #0 - SUBJECT ADDED ENTRY--TOPICAL TERM | |
| Topical term or geographic name entry element | Food |
| General subdivision | Analysis. |
| 880 1# - ALTERNATE GRAPHIC REPRESENTATION | |
| Linkage | 100-01/$1 |
| a | 陳存仁. |
| 880 10 - ALTERNATE GRAPHIC REPRESENTATION | |
| Linkage | 245-02/$1 |
| a | 津津有味譚 / |
| c | 著陳存仁. |
| 880 ## - ALTERNATE GRAPHIC REPRESENTATION | |
| Linkage | 260-03/$1 |
| a | 香港 : |
| b | 文風印刷公司印, |
| c | [1957?- |
No items available.